000 00764cam a2200217 a 4500
020 _a9780073524160 (hard copy : alk. paper)
020 _a0073524166 (hard copy : alk. paper)
020 _a9780071113021 (international student ed. : pbk.)
020 _a0071113029 (international student ed. : pbk.)
020 _a007893673X (student ed.)
020 _a9780078936739 (student ed.)
050 0 0 _aQH91
_b.C37 2010
100 1 _aCastro, Peter.
245 1 0 _aMarine biology /
_cPeter Castro, Michael E. Huber ; original artwork by William C. Ober and Claire W. Garrison.
250 _a8th ed.
260 _aNew York :
_bMcGraw-Hill,
_cc2010.
300 _axvii, 461 p., [1] folded leaf :
650 0 _vTextbooks.
700 1 _aHuber, Michael E.
942 _cGEN
999 _c2116
_d2116